Statistics for Premier League Top 6

Click here to take the quiz!

General Stats

  • This quiz has been taken 9,694 times
    (3,099 since last reset)
  • The average score is 16 of 21

Answer Stats

Answer% Correct
Manchester City
100%
Manchester United
100%
Arsenal
99%
Liverpool
99%
Chelsea
98%
Tottenham Hotspur
97%
Newcastle United
95%
Leicester City
94%
Aston Villa
87%
Brighton & Hove Albion
85%
Everton
83%
West Ham United
83%
Blackburn Rovers
81%
Leeds United
71%
Nottingham Forest
66%
Southampton
64%
Norwich City
51%
Bolton Wanderers
41%
Queens Park Rangers
41%
Ipswich Town
36%
Wimbledon
26%

Score Distribution

Percentile by Number Answered

Percent of People with Each Score

Your Score History

You have not taken this quiz since the last reset